000 01099naa a22003017a 4500
001 BR6007291
003 BR-BrBNA
005 20240918172926.0
007 ta
008 230509b bl.||||| |||| 00| 0 por d
040 _aBR-BrBNA
_bpor
_cBiblioteca Nacional de Agricultura
041 _a(Pt)
072 _aS10; Q10
_b0336
_b9250
090 _aS10 BR6007291
100 1 _aSandolin, J.
111 1 _aSoja Brasileira - Realidade e Perspectivas
_cPorto Alegre, RS (Brazil)
_d5 Jul 1976
245 1 _aEnriquecimento de alimentos basicos com produtos de soja (panificacao e macarrao)
260 3 _aPorto Alegre, RS (Brasil):
_c1976.
500 _aSoja brasileira realidade e perspectivas Porto Alegre, RS (Brasil): 1976. p. 96-101 (BR6007291-AM)S10
650 _aCOMPOSICAO DE ALIMENTO
650 _aTECNOLOGIA DE ALIMENTO
650 _aSOJA
650 _aINDUSTRIA ALIMENTICIA
650 _aVALOR NUTRITIVO
773 0 _tSoja brasileira realidade e perspectivas
_wS10 BR6007291
_gPorto Alegre, RS (Brasil), 1976. p. 96-101
909 _a202404
_bLucia
_c55
_dLucia Elande
942 _cAM
_2AGRIS
999 _c302093
_d302093